| 000 | 00545nam a2200145 4500 | ||
|---|---|---|---|
| 082 | _aMSIT-14 UZM | ||
| 100 | _aUzma Waheed | ||
| 245 | _aNetworking benefits of optimized regenerator placement and hybrid fiber amplification | ||
| 260 |
_aIslamabad _bNUST-SEECS _c2017 |
||
| 300 | _a27p | ||
| 856 | _uhttp://10.250.8.41:8080/xmlui/handle/123456789/23213 | ||
| 942 |
_2ddc _cTHE |
||
| 999 |
_c342385 _d342385 |
||